LEADER 00672nam a2200181 i 4500 001 000000234839 003 CaOOAMICUS 005 20241203145452.0 008 141022s1831 it u000 u ita u 013 $a213742 040 $aSeMil$bita 245 10$aVol. 3. 300 $a592 p. 773 0 $aMichaud, Joseph François <1767-1839>$tStoria delle Crociate.$b4. ed. riveduta corretta ed aumentata.$dMilano : Antonio Fontana, 1831-1832.$kBiblioteca storica di tutte le nazioni$g3$w()30784 850 $aSeMil 852 $aSeMil$W1$xVenegono$y1$m3B II 26 FA$j185185$B185185$CSeMilBibl$Z2$F196075 $8I 996 $6245$aVol. 3$9(OLS)http://semarc/title/80712 LEADER 00457nam a2200133 i 4500 001 000000025657 003 CaOOAMICUS 005 20180830125447.0 008 180830s1986 it e u000 u ita u 040 $aSeMil$bita 245 10$aStagione d'opera e balletto 1986-87. 300 $av. ;$c27 cm. 774 0 $aSolera, Temistocle$tNabucco.$dMilano : Edizioni del Teatro alla Scala, 1986.$w()174722 996 $6245$aStagione d'opera e balletto 1986-87$9(OLS)http://semarc/title/34556